Belgické kráľovstvo História a súčasnosť belgickej meny

Atlas peňazí sveta. Charakteristika Belgického kráľovstva: štátne zriadenie, prírodné podmienky, hospodárstvo, menové informácie, história štátu a meny, motívy belgických bankoviek.

Salvato in:
Dettagli Bibliografici
Autore principale: Schlosser, Gabriel
Natura: Capitolo di libro
Lingua:slovacco
Soggetti:
Tags: Aggiungi Tag
Nessun Tag, puoi essere il primo ad aggiungerne!!

MARC

LEADER 00000naa a2200000 4500
001 r023232
005 20221205114627.4
041 0 |a slo 
044 |a SK 
245 1 0 |a Belgické kráľovstvo  |b História a súčasnosť belgickej meny  |c Gabriel Schlosser 
520 |a Atlas peňazí sveta. Charakteristika Belgického kráľovstva: štátne zriadenie, prírodné podmienky, hospodárstvo, menové informácie, história štátu a meny, motívy belgických bankoviek. 
610 2 0 |a mena 
610 2 0 |a Belgicko 
610 2 0 |a štát 
610 2 0 |a podmienky prírodné 
610 2 0 |a hospodárstvo národné 
610 2 0 |a bankovky 
610 2 0 |a peniaze 
610 2 0 |a mince 
610 2 0 |a frank 
100 1 |a Schlosser, Gabriel